| 000 | 01365nam a2200337 c 4500 | ||
|---|---|---|---|
| 003 | BLK | ||
| 005 | 20230530085918.0 | ||
| 008 | 180409b bul|||||r ||||||| ||bul|| | ||
| 010 | _aKNG00138107000 | ||
| 020 |
_a978-954-91748-5-4 _bиздат.: Фонд. Развитие ХХІ |
||
| 040 | _aBLK | ||
| 041 |
_aBUL _cBUL |
||
| 072 | 7 |
_2bullib _aН84 _xБългарска художествена литература Н |
|
| 080 |
_aБългарска литература _b821.163.2 _x-311.6 _z821.163.2-311.6 |
||
| 100 | 1 |
_aБакърджиев, Стефан Иванов _eпърви автор _9260608 |
|
| 139 |
_aБакърджиев, Стефан Иванов _bБ 17 |
||
| 245 | 1 | 0 |
_a[Екс] Ex oriente lux _bФердинанд и мечтата за Константинопол : Роман _cСтефан Иванов Бакърджиев. |
| 257 | _aBGR | ||
| 260 |
_аСофия _bФонд. Развитие ХХІ _c2010 _fСофия : Дуо-В |
||
| 300 |
_a512 с. _c21 см |
||
| 380 | _aX | ||
| 500 | _aСъдържа и за авт. | ||
| 653 | _aисторически романи | ||
| 659 | _aН | ||
| 852 | _aЦб 257701 | ||
| 856 | 4 |
_qpdf _u |
|
| 856 | 4 |
_qpdf _u |
|
| 942 |
_cKNG _n0 _03 |
||
| 944 |
_aCR _c16.12.2011 _lф / _kМилена_Ачева |
||
| 944 |
_aED _c07.07.2015 _lф / _kЛюдмила_Стоянова |
||
| 999 |
_c132254 _d132254 |
||